000 00295nam a2200121Ia 4500
008 191201s2002 xx 000 0 und d
100 _aNILSSON, Nils J
245 0 _aPrinciples of Artificial Intelligence
260 _aN. Delhi
_bNarosa
_c2002
300 _a476
650 _aMCA
942 _2ddc
_cBK
999 _c6101
_d6101